000 00773cam a22002294a 4500
001 14164329
005 20180112041408.0
008 051103s2007 ohua b 001 0 eng
010 _a 2005936759
020 _a0324312113 (hbk. : student ed.)
035 _a(DLC)1951
040 _aDLC
_cDLC
041 _aeng
080 _a336 JOA
100 1 _a56
101 _aFIN
245 1 0 _aFinancial accounting :
_cJonathan E. Duchac, James M. Reeve, Carl S. Warren.
504 _aIncludes bibliographical references and index.
906 _a7
_bcbc
_corignew
_d3
_eepcn
_f20
_gy-gencatlg
942 _2ddc
_cBK
999 _c40173
_d40173